Derrick Rose Quiz - Statistics

General Stats
  • This quiz has been taken 2,733 times
  • The average score is 10 of 15
Answer Stats
Question Answer % Correct
How many MVP's has he won? 1
98%
What number is on his jersey? 1
98%
What No. pick was he in the NBA Draft? 1st Pick
98%
How many times has he scored his career high? 2
96%
What is his Height? 6"3 (1.91m)
94%
What position is he? Point Guard
87%
Which NBA team does he play for? Chicago Bulls
85%
When was he Drafted into the NBA? 2008
84%
Nationality? American
73%
What brand is he sponsored by? Adidas
66%
What is his career high? 42
61%
College? Memphis
52%
Date of Birth? October 4 1988
26%
High School? Simeon Career Academy
11%
What is his Weight? 190lbs (86kg)
10%
No matching quizzes found
Score Distribution
Percent of People with Each Score
Percentile by Number Answered
Your Score History
You have not taken this quiz